| 000 | 01014nam0a2200301 i 4500 | ||
|---|---|---|---|
| 001 | RU\NLR\BIBL_A\010806240 | ||
| 005 | 20240921114943.0 | ||
| 010 |
_a9785443100760 _950 |
||
| 021 |
_aRU _b2015-45323 _92696 |
||
| 035 | _a(NILC)RuMoRGB-007958497 | ||
| 035 | _a(NLR Aleph) 010806240 | ||
| 090 |
_a10183016 _c10183016 |
||
| 100 | _a20150722d2015 u y0rusy50 ca | ||
| 101 | 0 | _arus | |
| 102 | _aRU | ||
| 105 | _ay|||z|||000gy | ||
| 200 | 1 |
_aСтихи. Недосказанное _e[сборник] _fЛандина-Алимкулова Жанета |
|
| 210 |
_aМосква _cАвторская книга _d2015 |
||
| 215 |
_a79 с. _d16 |
||
| 517 | 1 | _aНедосказанное | |
| 686 | 2 | _aШ6(2=Р)8-5 | |
| 700 | 1 |
_7ba _8rus _aЛандина-Алимкулова _bЖ. _gЖанета _9147215 _3RU\NLR\AUTH\770147251 |
|
| 801 | 0 |
_aRU _bРГБ _c20150622 _gRCR |
|
| 942 | _cBOOK | ||
| 980 | _aNBR | ||